| 000 | 00583nam a2200145Ia 4500 | ||
|---|---|---|---|
| 008 | 100122s9999 xx 000 0 und d | ||
| 082 |
_b3897 _a821 |
||
| 100 | _aअभंग त्र्य रा | ||
| 245 | _aमेजवानी (राष्ट्रीय गीतांची ) | ||
| 260 |
_bगोविंद विनायक राजगुरू _c1937 |
||
| 300 | _a50 | ||
| 630 | _aमेजवानी (राष्ट्रीय गीतांची ) | ||
| 730 | _aमेजवानी (राष्ट्रीय गीतांची ) | ||
| 942 | _cBOOK | ||
| 999 |
_c397730 _d397727 |
||